The Suicide Squad Quiz (SPOILERS) - Statistics

General Stats
  • This quiz has been taken 33 times
    32 since last reset
  • The average score is 10 of 23
Answer Stats
Actor Role % Correct
Margot Robbie Harley Quinn
100%
John Cena Christopher Smith/Peacemaker
76%
Sylvester Stallone Nanaue/King Shark
72%
David Dastmalchian Polka-Dot Man
72%
Idris Elba Robert Dubois/Bloodsport
72%
Taika Waititi Ratcatcher
68%
Daniela Melchior Ratcatcher 2
68%
Jai Courtney Captain Boomerang
64%
Joel Kinnaman Colonel Rick Flag
64%
Sean Gunn Weasel
56%
Viola Davis Amanda Waller
52%
Nathan Fillion T.D.K./The Detachable Kid
36%
Flula Borg Javelin
32%
Peter Capaldi Thinker
32%
Pete Davidson Blackguard
28%
Steve Agee John Economos
28%
Mayling Ng Mongal
28%
Jennifer Holland Emilia Harcourt
24%
Julio Cesar Ruiz Milton
16%
Joaquín Cosío General Mateo Suarez
12%
Juan Diego Botto Silvio Luna
12%
Alice Braga Sol Soria
8%
Storm Reid Tyla Dubois
8%
No matching quizzes found
Score Distribution
Percent of People with Each Score
Percentile by Number Answered
Your Score History
You have not taken this quiz since the last reset